| 000 | 00491nam a2200181Ia 4500 | ||
|---|---|---|---|
| 003 | SGT | ||
| 020 | _a9788131714508 | ||
| 082 |
_a621.381537 _bMAN |
||
| 100 | _aMano,M. Morris | ||
| 245 | _aDigital design | ||
| 250 | _a4th Ed. | ||
| 260 |
_bPearson _aN.Delhi _c2008 |
||
| 300 | _a623p. | ||
| 650 | _aELECTRONICS ENGINEERING | ||
| 653 | _aDIGITAL SYSTEMS AND BINARY NUMBERS, BOOLEAN ALGEBRA AND LOGIC GATES, GATE-LEVEL MINIMIZATION | ||
| 700 | _aCiletti,Michael,D | ||
| 942 |
_2ddc _cBK _035 |
||
| 999 |
_c5148 _d5148 |
||